Impact of Investment in Information Technology On Firm's Financial Performance: (Record no. 527765)
[ view plain ]
| 000 -LEADER | |
|---|---|
| fixed length control field | 00607nam a22001937a 4500 |
| 003 - CONTROL NUMBER IDENTIFIER | |
| control field | NUST |
| 005 - DATE AND TIME OF LATEST TRANSACTION | |
| control field | 20230912114252.0 |
| 008 - FIXED-LENGTH DATA ELEMENTS--GENERAL INFORMATION | |
| fixed length control field | 190808b ||||| |||| 00| 0 eng d |
| 038 ## - RECORD CONTENT LICENSOR | |
| Staff Name | Mr. Noman |
| 082 ## - DEWEY DECIMAL CLASSIFICATION NUMBER | |
| Classification number | 658 |
| 100 ## - MAIN ENTRY--PERSONAL NAME | |
| Personal name | Rafiq, Muhammad Waqas |
| 9 (RLIN) | 19186 |
| 245 ## - TITLE STATEMENT | |
| Title | Impact of Investment in Information Technology On Firm's Financial Performance: |
| Remainder of title | A Perspective Of Pakistan's Market |
| Statement of responsibility, etc. | Muhammad Waqas Rafiq. |
| 260 ## - PUBLICATION, DISTRIBUTION, ETC. | |
| Place of publication, distribution, etc. | Islamabad: |
| Name of publisher, distributor, etc. | NBS - NUST, |
| Date of publication, distribution, etc. | 2015. |
| 300 ## - PHYSICAL DESCRIPTION | |
| Extent | 48 p.: ill.; |
| Dimensions | 30cm. |
| 500 ## - GENERAL NOTE | |
| General note | Hardcover. |
| 650 ## - SUBJECT ADDED ENTRY--TOPICAL TERM | |
| Topical term or geographic name entry element | MBA Thesis. |
| 9 (RLIN) | 17629 |
| 700 ## - ADDED ENTRY--PERSONAL NAME | |
| Personal name | Faqir Taj. |
| 9 (RLIN) | 19187 |
| 942 ## - ADDED ENTRY ELEMENTS (KOHA) | |
| Source of classification or shelving scheme | |
| Koha item type | Thesis |
| Withdrawn status | Lost status | Source of classification or shelving scheme | Damaged status | Not for loan | Permanent Location | Current Location | Shelving location | Date acquired | Full call number | Barcode | Date last seen | Price effective from | Koha item type |
|---|---|---|---|---|---|---|---|---|---|---|---|---|---|
| Central Library (CL) | Central Library (CL) | Thesis | 08/08/2019 | 658 | CL-T-2972 | 08/08/2019 | 08/08/2019 | Thesis |
